00780nam a2200193Ia 4500952013300000952013300133999001700266003000400283005001700287008004100304040000900345082001800354100003500372245005000407260003100457300000900488650004700497942004200544 00102ddc40708ISLAMaMESbMEScISLd2019-02-20g25.00l0o297.63 SID/Lp11256r2019-02-20 00:00:00t1w2019-02-20yBKzGL46R4 00102ddc40708ISLAMaMESbMEScISLd2019-02-20g25.00l0o297.63 SID/Lp11257r2019-02-20 00:00:00t2w2019-02-20yBKzGL46R4 c19283d19283OSt20200515090729.0190216s9999||||xx |||||||||||||| ||und|| coclc a297.63bSID/L aSiddiqui, Abdul Hameed 92140 4aThe Life Of Muhammad /cAbdul Hameed Siddiqui bHilal Publications,c1982. a336p 0aHistory & geographyvIslamic History92271 cBK2ddch297.63iSID/Lk297.63mSID/L